High acuity nursing : (Record no. 19132)

MARC details
000 -LEADER
fixed length control field 00997pam a2200301 a 4500
001 - CONTROL NUMBER
control field 4380650
003 - CONTROL NUMBER IDENTIFIER
control field MUT
005 - DATE AND TIME OF LATEST TRANSACTION
control field 20240606081452.0
008 - FIXED-LENGTH DATA ELEMENTS--GENERAL INFORMATION
fixed length control field 911127s1992 ctua b 001 0 eng c
010 ## - LIBRARY OF CONGRESS CONTROL NUMBER
LC control number 91044123
020 ## - INTERNATIONAL STANDARD BOOK NUMBER
International Standard Book Number 083851054X
040 ## - CATALOGING SOURCE
Original cataloging agency DNLM/DLC
Transcribing agency MUT
Modifying agency DLC
050 00 - LIBRARY OF CONGRESS CALL NUMBER
Classification number RT120.I5
Item number K53 2001.
060 ## - NATIONAL LIBRARY OF MEDICINE CALL NUMBER
Classification number WY 154 K46h
082 00 - DEWEY DECIMAL CLASSIFICATION NUMBER
Classification number 610.73/61
Edition information 20
100 1# - MAIN ENTRY--PERSONAL NAME
Personal name Kidd, Pamela Stinson.
245 10 - TITLE STATEMENT
Title High acuity nursing :
Remainder of title preparing for practice in today's health care settings /
260 ## - PUBLICATION, DISTRIBUTION, ETC.
Place of publication, distribution, etc. Norwalk, Conn. :
Name of publisher, distributor, etc. Appleton & Lange,
Date of publication, distribution, etc. c1992.
300 ## - PHYSICAL DESCRIPTION
Extent xiii, 672 p. :
Other physical details ill. ;
Dimensions 28 cm.
504 ## - BIBLIOGRAPHY, ETC. NOTE
Bibliography, etc. note Includes bibliographical references and index.
650 #0 - SUBJECT ADDED ENTRY--TOPICAL TERM
Topical term or geographic name entry element Intensive care nursing.
650 #2 - SUBJECT ADDED ENTRY--TOPICAL TERM
Topical term or geographic name entry element Critical Care
General subdivision methods.
650 #2 - SUBJECT ADDED ENTRY--TOPICAL TERM
Topical term or geographic name entry element Nursing Process
General subdivision methods.
700 1# - ADDED ENTRY--PERSONAL NAME
Personal name Wagner, Kathleen Dorman.
906 ## - LOCAL DATA ELEMENT F, LDF (RLIN)
a 7
b cbc
c orignew
d 1
e ocip
f 19
g y-gencatlg
942 ## - ADDED ENTRY ELEMENTS (KOHA)
Source of classification or shelving scheme Library of Congress Classification
Koha item type Books
Holdings
Withdrawn status Lost status Source of classification or shelving scheme Damaged status Not for loan Home library Current library Shelving location Date acquired Source of acquisition Total checkouts Full call number Barcode Date last seen Price effective from Koha item type
    Library of Congress Classification     Murang'a University of Technology Library Murang'a University of Technology Library General stacks 08/04/2019 Donation-TFC   RT120.I5 K53 2001. 025744 30/08/2024 08/04/2019 Books